00998nam a2200277 a 450000100060000000300080000600500170001400800410003103500190007204000270009104100080011808200260012624500840015225000380023626000300027430000260030449000300033050000200036050500110038065000950039170000250048683000390051194200120055099900170056295201410057962412BD-RjUL20211209081101.0170124s1961 enk 001 0 eng d a(BD-RjUL)62538 aNJTcNJTdBD-RjULbeng aeng 223a822.309bAGE 196114aThe age of Shakespeare :ba guide to english literature /cedited by Boris Ford aNew and rev. material in this ed. aLondon :bCassell,c1961. a V. :bill. ;c21 cm.1 aThe Belle sauvage library aIncludes index. aV-2.-- 0aEnglish literatureyEarly modern and Elizabethan,1500-1600.xHistory and criticism9185632 aFord, Boris 9185633 0aThe Belle sauvage library.9185635 2ddccBK c62412d62412 00102ddc40718NFICaRUCLbRUCLcReadingd1964-04-11eZeitlingerg18.00l0o822.309 AGE 1961r2017-01-24 00:00:00tC-1w2017-01-24yBK